| 000 | 01050cam a2200301 i 4500 | ||
|---|---|---|---|
| 001 | 63169 | ||
| 003 | Mx-PuUPA | ||
| 005 | 20240306074525.0 | ||
| 008 | 150703s2014 mx ad fr 001 0 spa d | ||
| 020 | _a9786073222860 | ||
| 040 |
_aMx-PuUPA _bspa _cMx-PuUPA _dMx-PuUPA _erda |
||
| 041 | 0 | _aspa | |
| 100 | 1 |
_aGraue Russek, Ana Luisa, _eautor _99685 |
|
| 245 | 1 | 0 |
_aIntroducción a la economía / _cAna Luisa Graue Russek |
| 250 | _aPrimera edición | ||
| 264 | 1 |
_aNaucalpan de Juárez, Estado de México : _bPearson Educación de México, _c©2014 |
|
| 300 |
_aXII, 548 páginas : _bilustraciones, diagramas ; _c27 cm |
||
| 336 |
_atexto _2rdacontent _btxt |
||
| 337 |
_asin medio _2rdamedia _bn |
||
| 338 |
_avolumen _2rdacarrier _bnc |
||
| 650 | 7 |
_aEconomía _xEstudio y enseñanza _2armarc |
|
| 650 | 7 |
_aEconomía _vLibros de texto _2armarc |
|
| 942 |
_2ddc _cLI _h330 _iG726 |
||
| 999 |
_c63169 _d63169 |
||